000 00528nam a22001577a 4500
005 20120216155837.0
020 _a8120313186
_c250.00
035 _aA-939302
037 _aDPL
_bENG
100 _aLozano, Jose
_942372
245 _aMulMultimedia:
_bSound and Video
_cby Jose Lozano
260 _aNew Delhi
_bPHI
_c1997
300 _axi, 192p.
_c32 cms.
942 _2ddc
_cEN
_h006.5
_mLOZ
999 _c63050
_d63050